| 000 | 00990nam a2200289 i 4500 | ||
|---|---|---|---|
| 003 | DO-SdBNP | ||
| 005 | 20240610111241.0 | ||
| 007 | ta | ||
| 008 | 240610t2023 dr 000 0 spa d | ||
| 020 | _a9789945623154 | ||
| 040 |
_aDO-SdBNP _bspa _cBNPHU _erda |
||
| 082 |
_bG216 _222 |
||
| 100 |
_aGarcía, Carlos Alexander _eautor _985614 |
||
| 245 | 1 | 3 |
_aEl uso político del derecho penal del enemigo / _cCarlos Alexander García |
| 264 | 1 |
_aSanto Domingo : _bINESDYC, _c2023. |
|
| 300 |
_a130 páginas _c23 cm. |
||
| 336 |
_2rdacontent _atexto _btxt |
||
| 337 |
_2rdamedia _asin mediación _bn |
||
| 338 |
_2rdacarrier _avolumen _bnc |
||
| 500 | _aIncluye notas al pie de páginas. | ||
| 500 | _aIncluye datos biográficos del autor en la contraportada. | ||
| 504 | _aBibliografías : p. 119-130 | ||
| 590 | _aInventariado, 2024/ YL | ||
| 710 |
_aInstituto de Educación Superior en Formación Diplomática y Consular (INESDYC) _984530 |
||
| 910 | _aYlockward | ||
| 942 |
_2ddc _cLBS1 |
||
| 999 |
_c56794 _d56794 |
||